Most Frequent Words in Taylor Swift Songs - Statistics

General Stats
  • This quiz has been taken 5,039 times
  • The average score is 46 of 100
Answer Stats
Hint Answer % Correct
2832 I
97%
989 a
93%
2952 you
92%
298 love
88%
2244 the
88%
1088 me
85%
513 we
83%
137 he
81%
1775 and
73%
869 it
72%
1108 to
72%
471 be
70%
701 your
69%
211 do
68%
411 when
68%
898 in
67%
860 my
67%
206 no
67%
475 on
66%
169 go
64%
436 so
64%
465 is
62%
101 then
59%
665 of
58%
551 that
57%
192 were
57%
484 like
56%
184 they
56%
296 what
55%
351 you're
54%
333 for
53%
469 this
53%
105 too
53%
413 was
53%
242 are
52%
177 can
52%
562 all
51%
508 I'm
51%
424 don't
50%
148 ever
50%
571 but
48%
180 not
48%
203 say
47%
401 it's
46%
338 never
46%
174 there
46%
177 could
45%
156 have
45%
462 know
45%
266 if
43%
308 oh
43%
284 up
42%
319 with
42%
159 would
42%
254 at
41%
128 how
41%
229 'cause
39%
255 one
39%
205 see
39%
189 can't
38%
101 did
38%
293 time
38%
126 get
37%
142 had
37%
371 just
37%
301 now
37%
149 said
37%
105 as
36%
220 baby
36%
171 I'll
35%
262 out
34%
278 back
33%
175 been
33%
115 night
33%
196 think
33%
215 got
32%
180 down
31%
135 look
31%
160 want
31%
133 I'd
30%
110 from
29%
129 here
28%
119 I've
28%
114 yeah
28%
189 come
24%
131 about
22%
119 tell
22%
162 right
21%
124 take
21%
108 eyes
20%
120 stay
20%
116 home
19%
110 made
19%
126 that's
19%
117 way
18%
116 gonna
17%
111 only
16%
116 still
14%
190 wanna
13%
117 wish
11%
No matching quizzes found
Score Distribution
Percent of People with Each Score
Percentile by Number Answered
Your Score History
You have not taken this quiz